[Event "RLP Seniors op 17th"]
[Site "Neustadt an der Weinstrasse"]
[Date "2019.07.20"]
[Round "1"]
[White "Niebling, Ferdinand"]
[Black "Laber, Dietrich"]
[Result "1-0"]
[WhiteElo "2006"]
[BlackElo "1711"]
[PlyCount "59"]
[EventDate "2019.07.20"]
[EventType "swiss"]
[EventRounds "9"]
[EventCountry "GER"]
[SourceTitle "CBM 192 Extra"]
[Source "Chessbase"]
[SourceDate "2019.11.06"]
[SourceVersion "1"]
[SourceVersionDate "2019.11.06"]
[SourceQuality "1"]

1. d4 Nf6 2. c4 e6 3. Nc3 Bb4 4. f3 d5 5. a3 Bxc3+ 6. bxc3 b6 7. cxd5 exd5 8. e3 0-0 9. Bd3 c5 10. Ne2 Re8 11. 0-0 Bb7 12. Ng3 Nbd7 13. a4 Qc8 14. Qe2 Nf8 15. Bb2 Ne6 16. Qd2 Ba6 17. e4 Bxd3 18. Qxd3 cxd4 19. cxd4 Qc4 20. Qxc4 dxc4 21. Rac1 Rac8 22. Nf5 Nf4 23. Rc2 c3 24. Bc1 Ne6 25. d5 g6 26. Nh6+ Kf8 27. dxe6 Rxe6 28. Bg5 Rec6 29. Bxf6 Rxf6 30. Ng4 1-0

[Event "GER-chB Seniors 27th"]
[Site "Magdeburg"]
[Date "2015.08.20"]
[Round "6"]
[White "Koehler, Marianne"]
[Black "Laber, Dietrich"]
[Result "1-0"]
[WhiteElo "1675"]
[BlackElo "1812"]
[PlyCount "93"]
[EventDate "2015.08.15"]
[EventType "swiss"]
[EventRounds "9"]
[EventCountry "GER"]
[SourceTitle "EXT 2018"]
[Source "ChessBase"]
[SourceDate "2017.10.13"]
[SourceVersion "1"]
[SourceVersionDate "2017.10.13"]
[SourceQuality "1"]

1. e4 e5 2. Nf3 Nf6 3. d3 Nc6 4. Be2 h6 5. c3 d6 6. h3 Be7 7. Nh2 Be6 8. Nd2 Qd7 9. Nb3 d5 10. Ng4 b6 11. Nxf6+ Bxf6 12. Bg4 Rd8 13. Bxe6 Qxe6 14. Qg4 Qxg4 15. hxg4 Ne7 16. g5 Rd6 17. gxf6 Rxf6 18. f3 c6 19. Be3 0-0 20. 0-0-0 c5 21. Kb1 d4 22. cxd4 exd4 23. Bf2 Rg6 24. Rh2 Nc6 25. Nc1 f5 26. Be1 Ne5 27. Bd2 fxe4 28. dxe4 Rd8 29. b3 b5 30. Bf4 Nc6 31. Nd3 c4 32. Ne5 Nxe5 33. Bxe5 d3 34. Rd2 Rc6 35. Kb2 Rdc8 36. bxc4 bxc4 37. Kc3 Ra6 38. g4 Ra5 39. Bd6 Kf7 40. Rh5 Rxh5 41. gxh5 Ke6 42. Bg3 Rc6 43. Bf2 a6 44. Bd4 Kf7 45. Rg2 Rd6 46. Rxg7+ Kf8 47. Rg2 1-0

[Event "GER-chB Seniors 27th"]
[Site "Magdeburg"]
[Date "2015.08.19"]
[Round "5"]
[White "Laber, Dietrich"]
[Black "Mittelstaedt, Ewald"]
[Result "0-1"]
[WhiteElo "1812"]
[BlackElo "1630"]
[PlyCount "100"]
[EventDate "2015.08.15"]
[EventType "swiss"]
[EventRounds "9"]
[EventCountry "GER"]
[SourceTitle "EXT 2018"]
[Source "ChessBase"]
[SourceDate "2017.10.13"]
[SourceVersion "1"]
[SourceVersionDate "2017.10.13"]
[SourceQuality "1"]

1. Nf3 d5 2. d4 Nf6 3. e3 Bg4 4. h3 Bh5 5. g4 Bg6 6. Ne5 e6 7. h4 h6 8. Nxg6 fxg6 9. Bd3 Kf7 10. Qf3 Bd6 11. c4 c6 12. c5 Bc7 13. Bd2 Nbd7 14. Nc3 e5 15. dxe5 Nxe5 16. Qe2 Nxd3+ 17. Qxd3 Nxg4 18. Rg1 Qxh4 19. 0-0-0 Ne5 20. Qc2 Qf6 21. f4 Nf3 22. Rg3 Nxd2 23. Rxd2 g5 24. Rdg2 d4 25. Ne4 Qe7 26. Qc4+ Ke8 27. Qxd4 Rd8 28. Qc4 Rd5 29. Rf3 Rf8 30. Re2 Kd8 31. b4 a6 32. Nc3 Rdf5 33. Kb2 Kc8 34. Qd3 Qf7 35. Ref2 g4 36. Rg3 h5 37. Rh2 g6 38. Ne2 Rd8 39. Nd4 Rfd5 40. Qe4 Bxf4 41. Rf2 g5 42. Rgg2 Rxd4 43. exd4 Qd5 44. Qxd5 Rxd5 45. Kc3 Kd7 46. Re2 Rf5 47. Re4 g3 48. Rge2 Rf7 49. Re6 Rh7 50. Rg6 h4 0-1

[Event "Sachsen-Anhalt-ch Seniors 22nd"]
[Site "Halberstadt"]
[Date "2014.05.31"]
[Round "7"]
[White "Laber, Dietrich"]
[Black "Kunze, Christian"]
[Result "1-0"]
[WhiteElo "1520"]
[BlackElo "1375"]
[PlyCount "63"]
[EventDate "2014.05.25"]
[EventType "swiss"]
[EventRounds "7"]
[EventCountry "GER"]
[SourceTitle "EXT 2018"]
[Source "ChessBase"]
[SourceDate "2017.10.13"]
[SourceVersion "1"]
[SourceVersionDate "2017.10.13"]
[SourceQuality "1"]

1. e4 e5 2. Nf3 Nc6 3. Bb5 a6 4. Ba4 Nf6 5. 0-0 b5 6. Bb3 Be7 7. Re1 0-0 8. c3 d6 9. h3 Bd7 10. d4 Qc8 11. Nbd2 h6 12. Nf1 Nh7 13. Ng3 Na5 14. Bc2 Nc4 15. b3 Nb6 16. dxe5 dxe5 17. Nxe5 Be6 18. Nc6 Bh4 19. Qd3 Bxh3 20. gxh3 Qxh3 21. e5 g6 22. Qf1 Qd7 23. Nd4 Bxg3 24. fxg3 c5 25. Ne2 a5 26. Bxh6 Rfe8 27. Rad1 Qg4 28. Qf4 Qe6 29. Rd6 Nd5 30. Rxe6 Nxf4 31. Rxe8+ Rxe8 32. gxf4 1-0

[Event "Sachsen-Anhalt-ch Seniors 22nd"]
[Site "Halberstadt"]
[Date "2014.05.25"]
[Round "1"]
[White "Just, Joachim"]
[Black "Laber, Dietrich"]
[Result "1-0"]
[WhiteElo "1887"]
[BlackElo "1520"]
[PlyCount "37"]
[EventDate "2014.05.25"]
[EventType "swiss"]
[EventRounds "7"]
[EventCountry "GER"]
[SourceTitle "EXT 2018"]
[Source "ChessBase"]
[SourceDate "2017.10.13"]
[SourceVersion "1"]
[SourceVersionDate "2017.10.13"]
[SourceQuality "1"]

1. e3 e5 2. d4 exd4 3. exd4 d5 4. Nf3 Nf6 5. Bd3 Bg4 6. 0-0 Be7 7. Re1 0-0 8. Bf4 Re8 9. Nbd2 c6 10. c3 Nbd7 11. Qc2 Nf8 12. Ne5 Ng6 13. Nxg6 hxg6 14. h3 Be6 15. Bxg6 Qd7 16. Bd3 c5 17. dxc5 Bxc5 18. Nf3 Qa4 19. Qxa4 1-0

[Event "Bayern-ch Seniors 24nd"]
[Site "Bergen"]
[Date "2012.06.22"]
[Round "7"]
[White "Zehfuss, Helmut"]
[Black "Laber, Dietrich"]
[Result "1/2-1/2"]
[WhiteElo "1793"]
[BlackElo "1643"]
[PlyCount "70"]
[EventDate "2012.06.16"]
[EventType "swiss"]
[EventRounds "9"]
[EventCountry "GER"]
[SourceTitle "EXT 2015"]
[Source "ChessBase"]
[SourceDate "2014.11.20"]
[SourceVersion "1"]
[SourceVersionDate "2014.11.20"]
[SourceQuality "1"]

1. e4 e5 2. Nf3 Nf6 3. d4 exd4 4. e5 Ne4 5. Qxd4 d5 6. exd6 Nxd6 7. Nc3 Nc6 8. Qf4 Be7 9. Bb5 Nxb5 10. Nxb5 0-0 11. Qxc7 Bf5 12. Qxd8 Raxd8 13. c3 Bd3 14. Nbd4 Nxd4 15. Nxd4 Bc5 16. Be3 Rfe8 17. Kd2 Be4 18. f3 Bg6 19. Rhe1 Rd5 20. Bg1 Red8 21. Re2 b5 22. Rae1 f6 23. Kc1 Rc8 24. Nc2 Bd6 25. g3 b4 26. Rd2 Rxd2 27. Kxd2 bxc3+ 28. bxc3 Be5 29. Nd4 Rb8 30. Re2 Rb2+ 31. Ke3 Rb1 32. Bf2 Rc1 33. Be1 Rd1 34. Bd2 Ra1 35. Be1 Rd1 1/2-1/2

[Event "Bayern-ch Seniors 24nd"]
[Site "Bergen"]
[Date "2012.06.16"]
[Round "1"]
[White "Schurig, Wilhelm"]
[Black "Laber, Dietrich"]
[Result "0-1"]
[WhiteElo "1890"]
[BlackElo "1643"]
[PlyCount "110"]
[EventDate "2012.06.16"]
[EventType "swiss"]
[EventRounds "9"]
[EventCountry "GER"]
[SourceTitle "EXT 2015"]
[Source "ChessBase"]
[SourceDate "2014.11.20"]
[SourceVersion "1"]
[SourceVersionDate "2014.11.20"]
[SourceQuality "1"]

1. Nf3 Nf6 2. g3 e6 3. Bg2 d5 4. c4 Nbd7 5. b3 b6 6. Bb2 Bb7 7. 0-0 Be7 8. cxd5 exd5 9. d3 0-0 10. Nbd2 c5 11. Re1 d4 12. b4 Nd5 13. bxc5 bxc5 14. Rc1 Rc8 15. Nc4 N5b6 16. Nfd2 Bxg2 17. Kxg2 Nf6 18. Nxb6 axb6 19. Qb3 Qd5+ 20. Qxd5 Nxd5 21. a3 Bg5 22. Rc2 f5 23. Nf3 Bf6 24. Rec1 Rcd8 25. Rd1 g5 26. Bc1 g4 27. Ng1 Nc3 28. Re1 Nd5 29. Bd2 Ra8 30. Ra1 Rfe8 31. a4 Be7 32. e4 dxe3 33. fxe3 Bf6 34. Rf1 Kg7 35. a5 Rxa5 36. Rxf5 Nxe3+ 37. Bxe3 Rxe3 38. Rcf2 Re6 39. h3 Bd4 40. Rf1 Ra2+ 41. Kh1 Bxg1 42. Kxg1 gxh3 43. Rh5 Rg2+ 44. Kh1 Rxg3 45. Kh2 Rxd3 46. Rhf5 Re2+ 47. Kh1 Rg3 48. Rf7+ Kh6 49. R7f6+ Rg6 50. R6f3 h2 51. Rh3+ Kg7 52. Rxh7+ Kxh7 53. Rf7+ Kg8 54. Rg7+ Kh8 55. Rxg6 Rb2 0-1

[Event "Bad Griesbach Seniors op 14th"]
[Site "Bad Griesbach"]
[Date "2011.12.04"]
[Round "1"]
[White "Pribyl, Josef"]
[Black "Laber, Dietrich"]
[Result "1-0"]
[WhiteElo "2249"]
[BlackElo "1573"]
[PlyCount "73"]
[EventDate "2011.12.04"]
[EventType "swiss"]
[EventRounds "7"]
[EventCountry "GER"]
[SourceTitle "EXT 2015"]
[Source "ChessBase"]
[SourceDate "2014.11.20"]
[SourceVersion "1"]
[SourceVersionDate "2014.11.20"]
[SourceQuality "1"]

1. e4 e5 2. Nf3 Nf6 3. Nxe5 d6 4. Nf3 Nxe4 5. Qe2 Qe7 6. d3 Nf6 7. Bg5 Qxe2+ 8. Bxe2 Be7 9. Nc3 c6 10. d4 d5 11. Bd3 Be6 12. h3 Nbd7 13. 0-0-0 Bd6 14. Rhe1 h6 15. Bd2 0-0 16. Ne5 a6 17. f4 Bxe5 18. dxe5 d4 19. Ne2 Ne8 20. Nxd4 Nc5 21. Bf1 a5 22. a3 Nc7 23. Be3 Nd5 24. Nxc6 Nb3+ 25. cxb3 Rac8 26. Bb5 Nxe3 27. Rxe3 bxc6 28. Bc4 Bd5 29. Bxd5 cxd5+ 30. Rc3 Rfd8 31. Rd4 Kf8 32. Rxc8 Rxc8+ 33. Kd2 Rc5 34. b4 Rb5 35. a4 Rb7 36. b5 Rc7 37. b4 1-0

[Event "Bad Griesbach Seniors op 13th"]
[Site "Bad Griesbach"]
[Date "2010.12.09"]
[Round "5"]
[White "Eglseder, Gottfried"]
[Black "Laber, Dietrich"]
[Result "1-0"]
[WhiteElo "1673"]
[BlackElo "1600"]
[PlyCount "63"]
[EventDate "2010.12.05"]
[EventType "swiss"]
[EventRounds "7"]
[EventCountry "GER"]
[SourceTitle "EXT 2015"]
[Source "ChessBase"]
[SourceDate "2014.11.20"]
[SourceVersion "1"]
[SourceVersionDate "2014.11.20"]
[SourceQuality "1"]

1. d4 Nf6 2. Nf3 e6 3. e3 d5 4. Bd3 c5 5. c3 cxd4 6. exd4 Bd6 7. Bg5 0-0 8. Nbd2 Nbd7 9. Qe2 Be7 10. 0-0 Ne8 11. Bf4 Bd6 12. Be5 Nxe5 13. dxe5 Be7 14. Nd4 Nc7 15. f4 g6 16. Rf3 Re8 17. Raf1 Bf8 18. Rh3 Bg7 19. N2f3 Bd7 20. Ng5 h6 21. Nxf7 Kxf7 22. Qg4 Kg8 23. Qxg6 Re7 24. Rff3 Be8 25. Qh7+ Kf8 26. Rfg3 Qd7 27. Rxh6 Rf7 28. Rhg6 Re7 29. Rxg7 Rxg7 30. Qh8+ Ke7 31. Rxg7+ Bf7 32. Qh4+ 1-0

[Event "Bad Griesbach Seniors op 13th"]
[Site "Bad Griesbach"]
[Date "2010.12.06"]
[Round "2"]
[White "Alefs, Heinz"]
[Black "Laber, Dietrich"]
[Result "1/2-1/2"]
[WhiteElo "1548"]
[BlackElo "1600"]
[PlyCount "41"]
[EventDate "2010.12.05"]
[EventType "swiss"]
[EventRounds "7"]
[EventCountry "GER"]
[SourceTitle "EXT 2015"]
[Source "ChessBase"]
[SourceDate "2014.11.20"]
[SourceVersion "1"]
[SourceVersionDate "2014.11.20"]
[SourceQuality "1"]

1. d4 Nf6 2. Nf3 e6 3. e3 b6 4. Bd3 Bb7 5. 0-0 d5 6. Ne5 Nbd7 7. Nd2 c5 8. c3 c4 9. Bc2 Nxe5 10. dxe5 Nd7 11. f4 Bc5 12. Nf3 h6 13. Nd4 g6 14. Ba4 a6 15. Qg4 Qe7 16. Bc6 0-0-0 17. b4 Bxd4 18. Bxb7+ Kxb7 19. exd4 b5 20. Be3 Nb6 21. Bf2 1/2-1/2

[Event "Bad Griesbach Seniors op 12th"]
[Site "Bad Griesbach"]
[Date "2009.12.05"]
[Round "7"]
[White "Laber, Dietrich"]
[Black "Roesch, Alfred"]
[Result "1/2-1/2"]
[WhiteElo "1652"]
[BlackElo "1642"]
[PlyCount "43"]
[EventDate "2009.11.29"]
[EventType "swiss"]
[EventRounds "7"]
[EventCountry "GER"]
[SourceTitle "EXT 2015"]
[Source "ChessBase"]
[SourceDate "2014.11.20"]
[SourceVersion "1"]
[SourceVersionDate "2014.11.20"]
[SourceQuality "1"]

1. e4 d6 2. d4 Nd7 3. Nf3 g6 4. Nc3 Bg7 5. h3 c5 6. Be3 cxd4 7. Bxd4 Ngf6 8. e5 dxe5 9. Nxe5 0-0 10. Bb5 Nxe5 11. Bxe5 Qa5 12. Qe2 Be6 13. 0-0 Rac8 14. Bd3 Rfd8 15. a3 Nh5 16. Bxg7 Kxg7 17. Qf3 Qc7 18. Rfe1 Nf6 19. Rad1 a6 20. Qe2 Kf8 21. Qe3 Kg7 22. Qe2 1/2-1/2

[Event "Bad Griesbach Seniors op 12th"]
[Site "Bad Griesbach"]
[Date "2009.12.04"]
[Round "6"]
[White "Erhard, Walter"]
[Black "Laber, Dietrich"]
[Result "0-1"]
[WhiteElo "1276"]
[BlackElo "1652"]
[PlyCount "76"]
[EventDate "2009.11.29"]
[EventType "swiss"]
[EventRounds "7"]
[EventCountry "GER"]
[SourceTitle "EXT 2015"]
[Source "ChessBase"]
[SourceDate "2014.11.20"]
[SourceVersion "1"]
[SourceVersionDate "2014.11.20"]
[SourceQuality "1"]

1. d4 Nf6 2. c4 e6 3. Nc3 Bb4 4. a3 Bxc3+ 5. bxc3 c5 6. Nf3 0-0 7. e3 b6 8. d5 Ba6 9. Bd3 d6 10. e4 e5 11. Bg5 Nbd7 12. 0-0 h6 13. Bd2 Re8 14. Nh4 Nxe4 15. Nf5 Nxd2 16. Qxd2 Qf6 17. Ng3 Nf8 18. Rae1 Rad8 19. Re3 Qf4 20. Qe2 Bc8 21. Re1 Qg4 22. Qxg4 Bxg4 23. h3 Bc8 24. Nh5 Kh8 25. Nxg7 Kxg7 26. f4 f6 27. Be2 Nh7 28. Rg3+ Kh8 29. Bh5 Rg8 30. Rf3 Rg7 31. fxe5 fxe5 32. Ref1 Rdg8 33. g4 Ng5 34. Rf6 Nxh3+ 35. Kh2 Nf4 36. Rxh6+ Rh7 37. Rxh7+ Kxh7 38. Rg1 Nxh5 0-1

[Event "Bad Griesbach Seniors op 12th"]
[Site "Bad Griesbach"]
[Date "2009.12.02"]
[Round "4"]
[White "Laber, Dietrich"]
[Black "Krafzik, Joachim"]
[Result "0-1"]
[WhiteElo "1652"]
[BlackElo "1836"]
[PlyCount "62"]
[EventDate "2009.11.29"]
[EventType "swiss"]
[EventRounds "7"]
[EventCountry "GER"]
[SourceTitle "EXT 2015"]
[Source "ChessBase"]
[SourceDate "2014.11.20"]
[SourceVersion "1"]
[SourceVersionDate "2014.11.20"]
[SourceQuality "1"]

1. e4 b6 2. Nc3 Bb7 3. Bc4 e6 4. Nf3 c5 5. Qe2 Nc6 6. a3 a6 7. 0-0 b5 8. Ba2 d6 9. d3 Nge7 10. Bf4 Ng6 11. Bg3 Be7 12. Rfd1 Nd4 13. Nxd4 cxd4 14. Nb1 0-0 15. Nd2 Rc8 16. Rac1 e5 17. c4 Bg5 18. Rc2 Nf4 19. Bxf4 Bxf4 20. Qg4 Rc7 21. g3 Bc8 22. Qe2 Bh6 23. Rdc1 Be6 24. Rf1 Qe7 25. Re1 Rfc8 26. b3 g6 27. Nf1 f5 28. f3 Kh8 29. Qd1 Qg5 30. Ree2 fxe4 31. fxe4 Bg4 0-1

[Event "Bad Griesbach Seniors op 12th"]
[Site "Bad Griesbach"]
[Date "2009.11.29"]
[Round "1"]
[White "Stoehr, Herbert"]
[Black "Laber, Dietrich"]
[Result "0-1"]
[WhiteElo "1909"]
[BlackElo "1652"]
[PlyCount "106"]
[EventDate "2009.11.29"]
[EventType "swiss"]
[EventRounds "7"]
[EventCountry "GER"]
[SourceTitle "EXT 2015"]
[Source "ChessBase"]
[SourceDate "2014.11.20"]
[SourceVersion "1"]
[SourceVersionDate "2014.11.20"]
[SourceQuality "1"]

1. e4 c6 2. d4 d5 3. Nd2 dxe4 4. Nxe4 Bf5 5. Ng3 Bg6 6. h4 h6 7. Nf3 Nd7 8. h5 Bh7 9. Bd3 Bxd3 10. Qxd3 Ngf6 11. Bd2 e6 12. 0-0-0 Qc7 13. Ne4 Be7 14. g3 Nxe4 15. Qxe4 0-0-0 16. Kb1 Bd6 17. c4 Nf6 18. Qe2 Qe7 19. Ba5 Bc7 20. Bc3 Rhe8 21. Rd3 Nd7 22. Re1 Nb6 23. Re3 Na4 24. Bd2 Nb6 25. Rc1 Qf6 26. Ne5 Rxd4 27. Bc3 Qf5+ 28. Ka1 Rdd8 29. Re1 Bxe5 30. g4 Qg5 31. Rxe5 Qe7 32. Ra5 a6 33. Ra3 f6 34. Ba5 Qc5 35. Qe3 Qxe3 36. Raxe3 Nxc4 37. Bxd8 Nxe3 38. Rxe3 Rxd8 39. Kb1 e5 40. Kc2 Rd4 41. f3 Kc7 42. Kc3 c5 43. Kc2 b5 44. Kc3 a5 45. Kc2 Kc6 46. Kc3 c4 47. Kc2 Kc5 48. Rc3 b4 49. Re3 a4 50. a3 Rf4 51. axb4+ Kxb4 52. Kd2 Rd4+ 53. Kc2 Rd3 0-1